Xử lí ảnh bằng máy tính

保存先:
書誌詳細
第一著者: Ngô Diên Tập
フォーマット: 図書
言語:Undetermined
出版事項: Hà Nội KHKT 1997
主題:
タグ: タグ追加
タグなし, このレコードへの初めてのタグを付けませんか!
Thư viện lưu trữ: Trung tâm Học liệu Trường Đại học Cần Thơ
LEADER 00488nam a2200169Ia 4500
001 CTU_46651
008 210402s9999 xx 000 0 und d
082 |a 621.367 
082 |b T123 
100 |a Ngô Diên Tập 
245 0 |a Xử lí ảnh bằng máy tính 
245 0 |c Ngô Diên Tập 
260 |a Hà Nội 
260 |b KHKT 
260 |c 1997 
650 |a image processing,photography - processing 
980 |a Trung tâm Học liệu Trường Đại học Cần Thơ